Szczegóły MARC21

Traités de poétique et de rhétorique de la Renaissance /

003 -Nazwa inst., której nr kontr. jest w polu 001 [,]
    • @
    • Nazwa instytucji, której n kontrolny jest w polu 001
    • NUKAT
005 -DATA I CZAS OSTATNIEJ MODYFIKACJI [,]
    • @
    • pole kontrolne
    • 20241231093818.0
020 -Międzynarod. znormalizowany nr książki - ISBN [ , ]
    • a
    • Numer ISBN
    • 2253052205 Find
040 -Instytucja sporządzająca opis [ , ]
    • a
    • Instytucja, która sporządziła opis (NP)
    • SZCZ U/AB
    • b
    • Język katalogowania
    • pol
    • e
    • Zasady katalogowania
    • rda
    • c
    • Instytucja, która sporządziła rekord (NP)
    • SZCZ U/ABs
942 -Rodzaj dokumentu [ , ]
    • c
    • Rodzaj dokumentu
    • Książka
245 -Strefa tytułu i oznaczenia odpowiedzialności [0,0]
    • a
    • Tytuł
    • Traités de poétique et de rhétorique de la Renaissance / Find
    • c
    • Pozostałe elementy strefy tytułu i oznaczenia odpowiedzialności (NP)
    • introduction, notices et notes de Francis Goyet.
260 -Strefa adresu wydawniczego [ , ]
    • a
    • Miejsce wydania (P)
    • Paris :
    • b
    • Nazwa wydawcy (P)
    • Librairie générale française,
    • c
    • Data wydania (P)
    • 2001.
300 -Strefa opisu fizycznego [ , ]
    • a
    • Określenie formy książki i/lub objętość (NP)
    • 476 stron ;
    • c
    • Format (NP)
    • 18 cm.
336 -Typ zawartości [ , ]
    • a
    • Termin opisujący typ zawartości
    • Tekst
    • b
    • Kod określający zawartość
    • txt
    • 2
    • Źródło (terminu i kodu)
    • rdacontent
337 -Typ mediów [ , ]
    • a
    • Tryb odtwarzania
    • Bez urządzenia pośredniczącego
    • b
    • Kod typu mediów
    • n
    • 2
    • Źródło (terminu i kodu)
    • rdamedia
338 -Typ/rodzaj nośnika [ , ]
    • a
    • Hasło opisujące typ nośnika
    • Wolumin
    • b
    • Kod typu nośnika
    • nc
    • 2
    • Źródło (terminu i kodu)
    • rdacarrier
490 -Strefa serii i książki wielotomowej - forma nie do wyszukiwania [1, ]
    • a
    • Tytuł (P)
    • Le Livre de Poche ; Find
    • v
    • Numeracja (P)
    • 6720
490 -Strefa serii i książki wielotomowej - forma nie do wyszukiwania [1, ]
    • a
    • Tytuł (P)
    • Le Livre de Poche. Classiques, Find
    • x
    • ISSN (NP)
    • 1144-7877
830 -Hasło dodatkowe serii i opisu książki wielotomowej - tytuł ujednolicony/tytuł [ ,3]
    • a
    • Tytuł ujednolicony/tytuł (NP)
    • Le Livre de Poche
    • x
    • ISSN
    • 0248-3653
    • v
    • Oznaczenie tomu (NP)
    • 6720
    • 9
    • KHW
    • 16278
830 -Hasło dodatkowe serii i opisu książki wielotomowej - tytuł ujednolicony/tytuł [ ,3]
    • a
    • Tytuł ujednolicony/tytuł (NP)
    • Le Livre de Poche.
    • p
    • Nazwa części/podserii/sekcji (P)
    • Classiques
    • x
    • ISSN
    • 1144-7877
    • 9
    • KHW
    • 23269
504 -Uwaga dot. bibliogr. załącznikowej [ , ]
    • a
    • Uwaga dot. bibliografii załącznikowej
    • Bibliografia na stronach 457-458.
505 -Uwaga dot. zawartości książki [0, ]
    • a
    • Uwaga dot. zawartości książki
    • Art poétique français / Thomas Sébillet. Le quintil horacien / Barthélemy Aneau. Art poétique / Jacques Peletier. La rhétorique française / Antoine Fouquelin. Abrégé de l'Art poétique français / Pierre de Ronsard.
080 -Uniwersalna Klasyfikacja Dziesiętna [ , ]
    • a
    • Symbol klasyfikacji
    • 840(091)-1"15/16"=40
080 -Uniwersalna Klasyfikacja Dziesiętna [ , ]
    • a
    • Symbol klasyfikacji
    • :82.0-1=40
650 -Hasło przedmiotowe [ ,7]
    • a
    • Hasło przedmiotowe
    • Poetyka
    • v
    • Określnik formalny
    • dzieła przed 1800.
    • 2
    • Źródło terminu
    • kaba
    • 9
    • KHW
    • 355716
650 -Hasło przedmiotowe [ ,7]
    • a
    • Hasło przedmiotowe
    • Retoryka starożytna
    • v
    • Określnik formalny
    • dzieła przed 1800.
    • 2
    • Źródło terminu
    • kaba
    • 9
    • KHW
    • 363015
650 -Hasło przedmiotowe [ ,7]
    • a
    • Hasło przedmiotowe
    • Poezja francuska
    • x
    • Określnik rzeczowy
    • historia i krytyka
    • v
    • Określnik formalny
    • dzieła przed 1800.
    • 2
    • Źródło terminu
    • kaba
    • 9
    • KHW
    • 690611
980 -Symbol UKD [ , ]
    • a
    • UKD
    • 840(091)-1"15/16":82.0-1]=40
700 -Hasło dodatkowe - nazwa osobowa [1, ]
    • a
    • Nazwa osobowa (NP)
    • Goyet, Francis Find
    • d
    • Daty biograficzne (NP)
    • (1955- ).
    • e
    • Określenie rodzaju współpracy
    • Redakcja
    • 9
    • KHW
    • 690496
700 -Hasło dodatkowe - nazwa osobowa [1,2]
    • a
    • Nazwa osobowa (NP)
    • Sébillet, Thomas Find
    • d
    • Daty biograficzne (NP)
    • (1512-1589).
    • t
    • Tytuł ujednolicony/tytuł (NP)
    • Art poétique français Find
    • l
    • Język tekstu (NP)
    • (fr.)
    • 9
    • KHW
    • 690501
700 -Hasło dodatkowe - nazwa osobowa [1,2]
    • a
    • Nazwa osobowa (NP)
    • Aneau, Barthélemy Find
    • d
    • Daty biograficzne (NP)
    • (1505-1561).
    • t
    • Tytuł ujednolicony/tytuł (NP)
    • Quintil horacien Find
    • l
    • Język tekstu (NP)
    • (fr.)
    • 9
    • KHW
    • 690502
700 -Hasło dodatkowe - nazwa osobowa [1,2]
    • a
    • Nazwa osobowa (NP)
    • Peletier, Jacques Find
    • d
    • Daty biograficzne (NP)
    • (1517-1583).
    • t
    • Tytuł ujednolicony/tytuł (NP)
    • Art poétique Find
    • l
    • Język tekstu (NP)
    • (fr.)
    • 9
    • KHW
    • 690503
700 -Hasło dodatkowe - nazwa osobowa [1,2]
    • a
    • Nazwa osobowa (NP)
    • Fouquelin, Antoine Find
    • d
    • Daty biograficzne (NP)
    • (15..-15..).
    • t
    • Tytuł ujednolicony/tytuł (NP)
    • Rhétorique française Find
    • l
    • Język tekstu (NP)
    • (fr.)
    • 9
    • KHW
    • 690504
700 -Hasło dodatkowe - nazwa osobowa [1,2]
    • a
    • Nazwa osobowa (NP)
    • Ronsard, Pierre de Find
    • d
    • Daty biograficzne (NP)
    • (1524-1585).
    • t
    • Tytuł ujednolicony/tytuł (NP)
    • Abrégé de l'Art poétique français Find
    • l
    • Język tekstu (NP)
    • (fr.)
    • 9
    • KHW
    • 690505
710 -Hasło dodatkowe - nazwa ciała zbiorowego [2, ]
    • a
    • Nazwa ciała zbiorowego lub nazwa geograficzna jako pierwszy element (NP)
    • Librairie générale française.
    • e
    • Rodzaj współpracy
    • Wydawca
    • 4
    • Kod relacji
    • pbl
    • 9
    • KHW
    • 78672
920 -ISBN [ , ]
    • a
    • ISBN
    • 2-253-05220-5 Find
Data inwentaryzacji Lokalizacja Status udost. Numer inwentarzowy Sygnatura
2003-11-17BM1A.7123FR. Lit. franc. do XVI w. 05